| 000 | 00999nam a22002537a 4500 | ||
|---|---|---|---|
| 999 |
_c7153 _d7153 |
||
| 003 | AR-CdUCM | ||
| 008 | 190320b ||||| |||| 00| 0 spa d | ||
| 020 | _a0-245-54322-8 | ||
| 040 |
_aMUNICIPALIDAD PROVINCIAL DEL CUSCO _cBIBLIOTECA MUNICIPAL DEL CUSCO |
||
| 041 | _heng | ||
| 082 |
_a600 / _bB71 |
||
| 100 |
_aBono, Edward de _920169 |
||
| 245 |
_aConflictos : _bcomo resolverlos de la mejor manera / |
||
| 260 |
_aBarcelona : _bPlaza y janes, _c1986. |
||
| 300 |
_a249 paginas ; _c22 cm. |
||
| 500 | _aTitulo original :Conflicts, a better way to resolve them | ||
| 505 | _aEl funcionamiento de la mente y tipos de pensamiento -- Por que discrepa la gente -- Creatividad diseño y el papel de la tercera parte -- Conflicto -- Estructuras para la resolución de conflicto. | ||
| 650 |
_aConflictos _920170 |
||
| 650 |
_aResolución de conflictos _911336 |
||
| 650 |
_aFactores del conflicto _920171 |
||
| 700 |
_aSanchez, Eva (Traducción) _920172 |
||
| 942 |
_2ddc _cLIBROS |
||
| 945 | _awnts | ||